MENJANA KEHEBATAN GURU MINDA KELAS PERTAMA (Record no. 2229)

000 -LEADER
fixed length control field nam a22 a 4500
005 - DATE AND TIME OF LATEST TRANSACTION
control field 20170515160306.0
008 - FIXED-LENGTH DATA ELEMENTS--GENERAL INFORMATION
fixed length control field 170515b2008 M ||||| |||| 00| 0 eng d
040 ## - CATALOGING SOURCE
Original cataloging agency AKMAL
082 ## - DEWEY DECIMAL CLASSIFICATION NUMBER
Classification number 371.1109595 MDR
090 ## - LOCALLY ASSIGNED LC-TYPE CALL NUMBER (OCLC); LOCAL CALL NUMBER (RLIN)
Classification number (OCLC) (R) ; Classification number, CALL (RLIN) (NR) 371.11095958
Local cutter number (OCLC) ; Book number/undivided call number, CALL (RLIN) MDR
245 ## - TITLE STATEMENT
Title MENJANA KEHEBATAN GURU MINDA KELAS PERTAMA
260 ## - PUBLICATION, DISTRIBUTION, ETC.
Place of publication, distribution, etc. MALAYSIA
Date of publication, distribution, etc. 2008
300 ## - PHYSICAL DESCRIPTION
Extent 106ms,;
Dimensions 15 cm
942 ## - ADDED ENTRY ELEMENTS (KOHA)
Source of classification or shelving scheme
Koha item type Book
Holdings
Withdrawn status Lost status Source of classification or shelving scheme Damaged status Not for loan Collection code Home library Current library Shelving location Date acquired Inventory number Total Checkouts Full call number Barcode Date last seen Price effective from Koha item type
          NON-FICTION AKMAL Melaka AKMAL Melaka PINJAMAN 15.05.2017 306370   371.1109595 MDR 201706600 15.05.2017 15.05.2017 Book
          NON-FICTION AKMAL Melaka AKMAL Melaka PINJAMAN 15.05.2017 306370   371.1109595 MDR   15.05.2017 15.05.2017 Book
Pusat Sumber Maklumat Dato' Haji Sarmin Md Hussin, Akademi Kastam Diraja Malaysia, Melaka
Tel: 06-2331106 | Faks: 06-2313787